000 00898cam a2200265 a 4500
001 2145824
005 20180208035735.0
008 980209s1999 cauaf be 001 0 eng d
010 _a 98084429
020 _a0122268059 (acidfree paper)
035 _a(OCoLC)39908966
040 _aDNASA-G
_cDNASA-G
_dNcAnA
_dCNoS
_dDLC
041 _aeng
042 _alccopycat
080 _a523.2/03 pau
082 0 0 _a523.2/03 pau
_221
100 _a22
101 _aenc
245 0 0 _aEncyclopedia of the solar system /
_cedited by Paul R. Weissman, Lucy-Ann McFadden, Torrence V. Johnson.
504 _aIncludes bibliographical references and index.
906 _a7
_bcbc
_ccopycat
_d2
_eopcn
_f19
_gy-gencatlg
942 _2ddc
_cBK
999 _c42093
_d42093